Statistics for Artists That Have Worked with DMX

Click here to take the quiz!

General Stats

  • This quiz has been taken 2 times
  • The average score is 16 of 33

Answer Stats

Artists% Correct
50 Cent
100%
Busta Rhymes
100%
Eminem
100%
Jadakiss
100%
Jay-Z
100%
Nas
100%
Sheek Louch
100%
Styles P
100%
Alicia Keys
50%
Benny the Butcher
50%
Brian Joseph King
50%
Conway the Machine
50%
DJ Premier
50%
Eve
50%
Forever M.C.
50%
Kanye West
50%
Mary J. Blige
50%
Merkules
50%
Method Man
50%
Obie Trice
50%
Rick Ross
50%
Snoop Dogg
50%
Swizz Beatz
50%
Usher
50%
Bono
0%
Casanova
0%
Chris Webby
0%
Drag-On
0%
KXNG Crooked
0%
Lil Wayne
0%
Rakim
0%
Royce Da 5'9
0%
The Game
0%

Score Distribution

Percentile by Number Answered

Percent of People with Each Score

Your Score History

You have not taken this quiz